|
|
|
|
| LEADER |
00000nam0a2200000 4500 |
| 001 |
201942 |
| 005 |
20231031185241.0 |
| 010 |
|
|
|a 5282004348
|
| 035 |
|
|
|a (RuTPU)RU\TPU\book\220092
|
| 090 |
|
|
|a 201942
|
| 100 |
|
|
|a 20111004d1991 k y0rusy50 ca
|
| 101 |
0 |
|
|a rus
|
| 102 |
|
|
|a RU
|
| 105 |
|
|
|a y z 000zy
|
| 200 |
1 |
|
|a Экономический контроль: сущность и формы проявления
|f С. С. Носова
|
| 210 |
|
|
|a Москва
|c Экономика
|d 1991
|
| 215 |
|
|
|a 176 с.
|
| 225 |
1 |
|
|a Радикальная экономическая реформа
|
| 610 |
1 |
|
|a экономика
|
| 610 |
1 |
|
|a экономический контроль
|
| 610 |
1 |
|
|a сущность
|
| 610 |
1 |
|
|a проявление
|
| 610 |
1 |
|
|a демократизация
|
| 610 |
1 |
|
|a возрождение
|
| 610 |
1 |
|
|a перестройка
|
| 610 |
1 |
|
|a реалии
|
| 610 |
1 |
|
|a формы
|
| 686 |
|
|
|a У9(2)0-961
|2 rubbk
|
| 686 |
|
|
|a У011.73
|2 rubbk
|
| 700 |
|
1 |
|a Носова
|b С. С.
|g Светлана Сергеевна
|
| 801 |
|
1 |
|a RU
|b 63413507
|c 20111004
|
| 801 |
|
2 |
|a RU
|b 63413507
|c 20160129
|g RCR
|
| 942 |
|
|
|c BK
|